Doctor Who-niverse: All Main Characters - Statistics

General Stats
  • This quiz has been taken 79 times
  • The average score is 27 of 106
Answer Stats
Hint Name % Correct
The Impossible Girl (deceased-2016) Clara O. Oswald
78%
Immortal Viking girl, and last living being in the entire Universe Ashildr/Lady Me/Mayor Me
74%
1200 Year old Time Traveller The Doctor/Jonathan 'John' Smith/Sir Doctor of Tardis
71%
Shop Assistant turned Time Traveller Dame Rose Tyler of the Powell Estate/The Bad Wolf/The Moment
68%
Person grown to kill the Last Time Lord. (deceased- C.51st) Melody Pond/Prof. River Song
68%
51st Century Time Agent. (deceased-200,100, later revived, deceased- 5,000,000,053) Javic P. Thane/Cpt. Jack Harkness/The Face of Boe
66%
Human-Time Lord Metacrisis victim Donna Temple-Noble/The DoctorDonna
65%
Former Medical Student turned UNIT Medical Officer Dr. Martha Smith (née Jones)
63%
Mother of the Last Time Lord's killer. (deceased-2003/2004) Amelia J. 'Amy' Williams (née Pond)
60%
Second-last Time Lord (deceased-2009, revived, deceased-unknown) The Master/PM. Harold Saxon/Missy
57%
Robotic Dog Assistant K9 Mark IV
56%
Auto-mechanic turned freelance Alien fighter Michael 'Mickey' Smith
56%
Nurse in Leadworth (deceased-2020, later revived, deceased-1998/1999) Rory A. Williams/The Last Centurion
56%
Prime Minister of "Britain's Golden Age" (deceased-2009) PM. Harriet Jones
51%
Former Companion who now operated out of Ealing. (deceased-2011 [real-life]) Sarah J. Smith
50%
Mother of the Shop Assistant Jacqueline A. S. 'Jackie' Tyler (née Prentice)
47%
Police Constable and companion to the Last Time Lord PC. Yasmin 'Yaz' Khan
47%
Coal Hill School's P.E. Teacher (deceased-2014) Sgt. Rupert 'Danny' Pink
47%
Daughter to The Brigadier CSO. Katherine 'Kate' Lethbridge-Stewart
46%
Commander of Bowie Base One (deceased-2059) Cpt. Adelaide Brooke
44%
Waitress aboard the MCC Titanic (deceased-2008) Astrid Peth
43%
St. Lukes University kitchen worker. (deceased aged 26/27 years old) Bill Potts
43%
Former Cardiff Police turned Torchwood 3 member PC. Gwendolyne E. 'Gwen' Williams (née Cooper)
43%
Former Sontaran commander and member of the Paternoster Gang Com. Strax
41%
Torchwood 3's Receptionist (deceased-2009) Ianto Jones
41%
Employee of Van Statten Adam Mitchell
40%
Silurian detective in the Victorian Era, and leader of the Paternoster Gang. Mme. Vastra
40%
Last Ruler of the Tudor Era of England (deceased-1603) Queen Elizabeth I Tudor
40%
Dutch Painter, widely regarded as the best ever. (deceased-1890) Vincent van Gogh
40%
Dyspraxic Warehouse Worker and companion to the Last Time Lord Ryan Sinclair
37%
Retired Bus Driver and companion to the Last Time Lord Graham O'Brien
35%
Head of the Parallel Torchwood Peter A. 'Pete' Tyler
35%
Father to the Leadworth Nurse Brian Williams
34%
Midshipman aboard the MCC Titanic M. Alonso Frame
34%
Prime Minister of Great Britain for the majority of WW2 (deceased-1965) PM. Winston L. Spencer-Churchill/Winston Churchill
34%
Slitheen Criminal turned Cardiff Mayor Blon Fel-Fotch Passameer-Day Slitheen/Mayor Margaret Blaine
32%
Brother of the Medical Student Leonard 'Leo' Jones
32%
PR Officer and sister to the Medical Student Letitia 'Tish' Jones
32%
Queen of the UK for over 2300 Years Queen Elizabeth X/Liz 10
32%
Mother to the Metacrisis victim Sylvia Noble (née Mott)
31%
Victorian Housemaid and lover to the Silurian detective Jennifer 'Jenny' Flint
29%
Psychically powerful Ood Ood Sigma
29%
Leader of the Cult of Skaro (deceased-1929) Dalek Sec
28%
The last "pure human" from the year 5 Billion AD (deceased-5,000,000,023) Lady Cassandra O'Brien.Δ17
28%
Wife of the Psychotic Time Lord (deceased-2009) Lucy Saxon (née Cole)
28%
British Aristocrat and thief Lady Christina de Souza
26%
Grown son of Ealing's defender Lucas 'Luke' Smith
26%
Mother to the Medical Student Francine Jones
25%
Torchwood 3's Medical Officer (deceased-2008, resurrected-2008, deceased-2008) Dr. Owen Harper
24%
Chemotherapy Nurse and maternal Grandmother to the Dyspraxic Warehouse Worker (deceased-2018) Grace O'Brien
24%
Head of the eponymous chapter of the Church of the Papal Mainframe. (deceased-2011 (broken timeline)) Mme. Kovarian
24%
Robot Assistant to the Last Time Lord and his killer. (deceased aged 728 years old) Nardole
24%
Cat-Nurse Novice Hame of the Sisters of Plentitude
21%
Torchwood 3's main scientific officer (deceased-2008) Toshiko 'Tosh' Sato
21%
FBI Agent and associate of the Last Time Lord Agt. Canton E. Delaware III
19%
Father to the Medical Student Clive Jones
19%
Mathematics Teacher who believes he is the Last Time Lord Jackson Lake
18%
UNIT Scientist and fan of the Last Time Lord Petronella Osgood
18%
Rogue Time Agent Cpt. Jonathan 'John' Hart
16%
Stenza Warrior Tzim-Sha/Tim Shaw
16%
Student at Coal Hill School, referred to as the "nusciance" Courtney Woods
15%
Shop Worker and friend of the Last Time Lord Craig Owens
15%
Pirate captain of the Fancy, the ship haunted by a Siren. Cpt. Henry Avery
13%
Medical Student at the Royal Hope Hospital MS. Oliver Morgenstern
13%
Former haulage man turned associate of Torchwood 3. Rhys A. Williams
13%
Child in the care of the Impossible Girl Angela 'Angie' Maitland
12%
Child in the care of the Impossible Girl Arthur 'Artie' Maitland
12%
Alien Black marketeer Dorium Maldovar
12%
Coal Hill physics teacher and last of the Quill. Andra'ath/Andrea Quill
10%
Father to the Impossible Girl David J. 'Dave' Oswald
10%
Psychotic member of Torchwood 3. (deceased-2006, resurrected-2006, deceased-2006) Suzanne 'Suzie' Costello
10%
Coal Hill student April MacLean
9%
Prince of the Rhodians Charles 'Charlie' Smith
9%
Wife of a WW2 bomber pilot. Madge Arwell
9%
Coal Hill amputee Ram Singh
9%
Cardiff police sergeant and aide to Torchwood 3. Sgt. Andrew 'Andy' Davidson
9%
UNIT Captain involved with returning the 200 bus to Earth Cpt. Erisa Magambo
7%
Mother to the Impossible Girl (deceased-2005) Elena A. 'Ellie' Oswald (née Ravenwood)
7%
Former member of the Preachers turned Torchwood fighter. Jacob 'Jake' Simmons
7%
Silurian Scientist (decased-2020) Malokeh
7%
AMNN Reporter Trinity Wells
7%
Time-traveller and servant of Abaddon Bilis Manger
6%
King of the Shadow Kin Corakinus
6%
Dalek android powered by an Oblivion Continuum Dr. Edwin Bracewell
6%
Father to the former Cardiff PC (deceased-2011) Geraint W. Cooper
6%
Insane brother of the 51st Century Time Agent Gray Thane
6%
Mother to the former Cardiff PC (deceased-2017) Mary Cooper
6%
Sister to the Police Constable Sonya Khan
6%
Nigerian child prodigy Tanya Adeola
6%
Powerful entity that inspired the Lovecraftian god Yog-Sothoth. (deceased) The Great Intelligence/Dr. Walter Simeon
6%
Torchwood 1 employee who was partially Cyber-converted in the Battle of Canary Wharf. (deceased-2006) Elizabeth 'Lisa' Hallett
4%
High Priestess with the Elixir of Life High Priestess Ohila of the Sisterhood of Karn
4%
Former Headmaster of Coal Hill School (deceased-2016) Hm. Francis Armitage
4%
Estranged father of a Coal Hill student Huw MacLean
4%
Paraplegic mother of a Coal Hill student. Jacqueline 'Jackie' MacLean
4%
Love interest of the Prince of the Rhodians Matteusz Andrzejewski
4%
Coal Hill headteacher Hm. Dorothea Ames
3%
Son of the Fancy's captain. Tobias 'Toby' Avery
3%
Time displaced pilot of the Sky Gypsy. Diane Holmes
1%
Conspiracal father to the Police Constable Hakim Khan
1%
Girlfriend of a Coal Hill student Rachel Chapman
1%
Father to a Coal Hill student Varum Singh
1%
Overprotective mother of a Coal Hill student Vivian Adeola
1%
General Manager working in Sheffield Najia Khan
0%
Grandfather to the Metacrisis Victim Pvt. Wilfred Mott
0%
Football coach of a Coal Hill student Thomas 'Tom' Dawson
0%
No matching quizzes found
Score Distribution
Percent of People with Each Score
Percentile by Number Answered
Your Score History
You have not taken this quiz